LEADER 00786nam0-22002891i-450- 001 990006482220403321 005 20001010 035 $a000648222 035 $aFED01000648222 035 $a(Aleph)000648222FED01 035 $a000648222 100 $a20001010d--------km-y0itay50------ba 101 0 $aita 105 $ay-------001yy 200 1 $aTanganyka under German Rule 1905-1912$fJohn Iliffe 210 $aCambridge$cCambridge University Press$d1969. 215 $aXV, 236 p.$d22 cm 676 $a967.8 700 1$aIliffe,$bJohn$0243709 801 0$aIT$bUNINA$gRICA$2UNIMARC 901 $aBK 912 $a990006482220403321 952 $aXIV E 174$b3876$fFSPBC 959 $aFSPBC 996 $aTanganyka under German Rule 1905-1912$9652701 997 $aUNINA DB $aGEN01 LEADER 01359nam a2200361 i 4500 001 991000897559707536 005 20020507175441.0 008 940519s1984 gw ||| | fre 020 $a354012893X 035 $ab10772704-39ule_inst 035 $aLE01303998$9ExL 040 $aDip.to Matematica$beng 082 0 $a530.1$223 084 $aAMS 35D 084 $aAMS 35D05 084 $aAMS 35F25 084 $aAMS 35F30 084 $aAMS 35L60 084 $aAMS 76N 100 1 $aVeiga, H. Beirão da$0350188 245 10$aFluid dynamics :$blect. given at the 3rd 1982 session of the Centro Internazionale Matematico Estivo (C.I.M.E.), held at Varenna, Italy, August 22 - September 1, 1982 /$ced. H. Beirão da Veiga 260 $aBerlin ;$aNew York :$bSpringer,$c1984 300 $avi, 193 :$bill. ;$c24 cm 490 0 $aLecture notes in mathematics,$x0075-8434 ;$v1047 500 $aIncludes bibliographies 500 $a"Sponsored by the Consiglio Nazionale delle Ricerche"--P. [iii] 650 4$aFluid dynamics$xCongresses 907 $a.b10772704$b23-02-17$c28-06-02 912 $a991000897559707536 945 $aLE013 76N VEI11 (1984)$g1$i2013000123066$lle013$o-$pE0.00$q-$rl$s- $t0$u0$v0$w0$x0$y.i10871251$z28-06-02 996 $aFluid Dynamics$9383895 997 $aUNISALENTO 998 $ale013$b01-01-94$cm$da $e-$feng$ggw $h0$i1 LEADER 01022nam a22002651i 4500 001 991000417839707536 005 20040116121930.0 008 040204s1988 gw |||||||||||||||||ger 035 $ab12613393-39ule_inst 035 $aARCHE-062059$9ExL 040 $aDip. SSC$bita$cA.t.i. Arché s.c.r.l. Pandora Sicilia s.r.l. 082 04$a610.943 245 00$aMedizin im Nationalsozialismus 260 $aMünchen :$bR. Oldenburg,$c1988 300 $a110 p. ;$c23 cm 440 0$aKolloquien des Instituts für zeitgeschichte 500 $aAtti del congresso tenuto a Monaco il 5 novembre 1987 650 4$aMedicina$zGermania$xStoria$ySec. 20.$xCongressi$y1987 710 2 $aInstituts für Zeitgeschichte 907 $a.b12613393$b02-04-14$c12-02-04 912 $a991000417839707536 945 $aLE021 610MED01.01$g1$iLE021-6384$lle021$o-$pE0.00$q-$rl$s- $t0$u0$v0$w0$x0$y.i13095869$z12-02-04 996 $aMedizin im Nationalsozialismus$9278179 997 $aUNISALENTO 998 $ale021$b12-02-04$cm$da $e-$fger$ggw $h0$i1